| 000 | 004530000a22001810004500 | ||
|---|---|---|---|
| 003 | MACL | ||
| 005 | 20150704120257.0 | ||
| 008 | 150704b xxu||||| |||| 00| 0 eng d | ||
| 040 |
_aMACL _cmacl |
||
| 041 | _aEnglsih | ||
| 082 | _a300/TAN | ||
| 100 |
_aTanner, R E S _9516 |
||
| 245 | _aContemporary Social Science Research | ||
| 260 |
_bConcept Publishing _c2008 _aNew Delhi |
||
| 350 | _a950 | ||
| 650 |
_aSocial Sciences _9383 |
||
| 942 |
_cBK _k300 _2ddc |
||
| 999 |
_c8030 _d8030 |
||